Miluji, tedy jsem /

Saved in:
Bibliographic Details
Main Author: Marhounová, Jana, 1941- (Author)
Other Authors: Jágr, Miloslav, 1927-1997 (Illustrator)
Format: Book
Language:Czech
Published: Praha : Avicenum, 1986.
Edition:1. vyd.
ISBN: (brož.)
Physical Description: 317 s. : il.
Tags: Add Tag
No Tags, Be the first to tag this record!

MARC

LEADER 00000cam a22000007a 4500
001 000130921
005 20091201183405.0
008 000703s1986 xr e cze d
020 |a (brož.) 
040 |a SVKKK  |b slo  |c SVKKK  |e AACR2 
041 0 |a cze 
044 |a xr  |c CZ 
100 1 |a Marhounová, Jana,  |d 1941-  |4 aut 
245 1 0 |a Miluji, tedy jsem /  |c Jana Marhounová ; [ilustroval Miloslav Jágr]. 
250 |a 1. vyd. 
260 |a Praha :  |b Avicenum,  |c 1986. 
300 |a 317 s. :  |b il. 
500 |a Lit. 
700 1 |a Jágr, Miloslav,  |d 1927-1997  |4 ill 
910 |a svkkk 
998 |a BK 
090 |g SCKHL  |k Sklad Pribinova 2. posch.  |a II.310152  |j 747524  |i 130921-10  |s Absenčne 
090 |g SCKHL  |k Sklad Pribinova 2. posch.  |a II.310153  |j 747525  |i 130921-20  |s Absenčne 
090 |g SCKHL  |k Sklad Pribinova 2. posch.  |a II.310154  |j 747526  |i 130921-30  |s Absenčne 
090 |g SCKHL  |k Sklad Pribinova 2. posch.  |a II.310155  |j 747527  |i 130921-40  |s Absenčne 
090 |g SCKHL  |k Sklad Pribinova 2. posch.  |a II.310156  |j 747528  |i 130921-50  |s Absenčne